MARC

LEADER 00000nam0a2200000 4500
001 95897
005 20231101214033.0
020 |a RU  |b 82-32093 
035 |a (RuTPU)RU\TPU\book\102661 
090 |a 95897 
100 |a 20060504d1982 km y0rusy5003 ca 
101 0 |a rus 
102 |a UA 
105 |a a g 000zy 
200 1 |a Свойства жидкого и твердого гелия: растворы 3 He - 4 He  |e справочник  |f Б. Н. Есельсон [и др.] 
210 |a Киев  |c Наукова думка  |d 1982 
215 |a 231 с.  |c ил.  |d 20 см. 
606 1 |a Гелий  |2 stltpush  |3 (RuTPU)RU\TPU\subj\5626  |9 33653 
610 1 |a гелий 
610 1 |a справочники 
610 1 |a растворы 
675 |a 539.128(035)  |v 4 
701 1 |a Есельсон  |b Б. Н.  |g Борис Наумович 
701 1 |a Иванцов  |b В. Г.  |g Владимир Георгиевич 
701 1 |a Коваль  |b В. А.  |g Вадим Антонинович 
701 1 |a Рудавский  |b Э. Я.  |g Эйзер Яковлевич 
701 1 |a Сербин  |b И. А.  |g Игорь Александрович 
801 0 |a RU  |b RuMRKP  |c 19950704  |g psbo 
801 1 |a RU  |b 63413507  |c 20060504  |g PSBO 
801 2 |a RU  |b 63413507  |c 20190211  |g PSBO 
942 |c BK